000 01743nam0a2200385 4500
001 RU\NLR\bibl\259210
005 20240725222709.0
020 _aRU
_b01-05237
_9Летопись авторефератов диссертаций
021 _aRU
_b00-9306а
_900-373А
035 _a(NLR Aleph) 000254926
090 _a1488180
_c1488180
100 _a20011123d2000 u u0rusy50 ca
101 0 _arus
102 _aRU
105 _ay dm |||||
135 _acrgn 008aaaba
200 1 _aЗолотая Орда в XIII-начале XIV в.
_e(Полит. аспект)
_eАвтореф. дис. на соиск. учен. степ. к.ист.н.
_eСпец. 07.00.02
_fМыськов Евгений Павлович
_g[Волгогр. гос. ун-т]
210 _aВолгоград
_d2000
215 _a20 с.
_d20
320 _aБиблиогр.: с. 19-20 (10 назв.)
325 _aКопия доступна в Электрон. б-ке РНБ
610 0 _aИсторические науки
610 0 _aЗолотая Орда, древ. государство, ист. науки
675 _a94(47+57)(=512.3)"12/13"
_v3
_zrus
686 _a03.19
_2rugasnti
686 _a07.00.02
_2oksvnk
700 1 _aМыськов
_bЕ. П.
_gЕвгений Павлович
801 0 _aRU
_bRKP
_c20011123
_gPSBO
801 1 _aRU
_bRKP
_c20011123
801 2 _aRU
_bNLR
_c20020718
_grcr
852 _aNLR
_jА2000/9306
901 _eАвторефераты
942 _cBOOK
981 1 0 _a(10) Авторефераты
_b(10) 07.00.00 Исторические науки
_b07.00.02 Отечественная история